<?xml version="1.0" encoding="UTF-8"?>
<record
    xmlns:xsi="http://www.w3.org/2001/XMLSchema-instance"
    xsi:schemaLocation="http://www.loc.gov/MARC21/slim http://www.loc.gov/standards/marcxml/schema/MARC21slim.xsd"
    xmlns="http://www.loc.gov/MARC21/slim">

  <leader>02220nam a2200277 a 4500</leader>
  <controlfield tag="003">DO-SdBNP</controlfield>
  <controlfield tag="005">20240507110813.0</controlfield>
  <controlfield tag="007">ta</controlfield>
  <controlfield tag="008">100322s2019    dr       1  000 0 spa d</controlfield>
  <datafield tag="020" ind1=" " ind2=" ">
    <subfield code="a">9789945613148</subfield>
  </datafield>
  <datafield tag="040" ind1=" " ind2=" ">
    <subfield code="a">DO-SdBNP</subfield>
    <subfield code="b">spa</subfield>
    <subfield code="c">BNPHU</subfield>
  </datafield>
  <datafield tag="082" ind1=" " ind2="4">
    <subfield code="a">972.93053</subfield>
    <subfield code="b">J36u</subfield>
    <subfield code="2">22</subfield>
  </datafield>
  <datafield tag="100" ind1="1" ind2=" ">
    <subfield code="a">J&#xE1;quez Trejo, Ernesto</subfield>
    <subfield code="9">37920</subfield>
  </datafield>
  <datafield tag="245" ind1="1" ind2="3">
    <subfield code="a">El &#xFA;ltimo expedicionario de Maim&#xF3;n /</subfield>
    <subfield code="c">Ernesto J&#xE1;quez Trejo ; pr&#xF3;logo Giovanni Brito Bloise</subfield>
  </datafield>
  <datafield tag="260" ind1=" " ind2=" ">
    <subfield code="a">Santo Domingo :</subfield>
    <subfield code="b">Archivo General de la Naci&#xF3;n,</subfield>
    <subfield code="c">2019.</subfield>
  </datafield>
  <datafield tag="300" ind1=" " ind2=" ">
    <subfield code="a">197 p. :</subfield>
    <subfield code="c">23 cm.</subfield>
  </datafield>
  <datafield tag="490" ind1="1" ind2=" ">
    <subfield code="a">Archivo General de la Naci&#xF3;n ;</subfield>
    <subfield code="v">349 ;</subfield>
  </datafield>
  <datafield tag="500" ind1=" " ind2=" ">
    <subfield code="a">Incluye datos biogr&#xE1;ficos del autor en la solapa de la portada.</subfield>
  </datafield>
  <datafield tag="500" ind1=" " ind2=" ">
    <subfield code="a">Incluye &#xED;ndice onom&#xE1;stico. </subfield>
  </datafield>
  <datafield tag="505" ind1="0" ind2=" ">
    <subfield code="t">El desembarco de Maim&#xF3;n, 19</subfield>
    <subfield code="t">La gran haza&#xF1;a, 23</subfield>
    <subfield code="t">Los francotiradores, 29</subfield>
    <subfield code="t">Lo inesperado, 33</subfield>
    <subfield code="t">Instalan comando central, 27</subfield>
    <subfield code="t">Ya est&#xE1;n en el municipio de Imbert, 42</subfield>
    <subfield code="t">Fuego al ca&#xF1;averal, 44</subfield>
    <subfield code="t">P&#xE1;nico en Imbert, 45</subfield>
    <subfield code="t">En el r&#xED;o Damajagua, 47</subfield>
    <subfield code="t">Los vieron en Barrab&#xE1;s, 48</subfield>
    <subfield code="t">Llegan a la loma del brinco, 51</subfield>
    <subfield code="t">Una historia que perdura: Juan Mora y Antonio Vejar&#xE1;n, 61</subfield>
    <subfield code="t">Regresan a la loma del Brinco, 66</subfield>
    <subfield code="t">Contacto en Naranjo Chino, 67</subfield>
    <subfield code="t">El corre-corre hacia Los Senci&#xF3;n, 68</subfield>
    <subfield code="t">Encuentro con Justo Carpito, 71</subfield>
    <subfield code="t">Larry bevins y su grupo en La Sabana del Corozo, 82</subfield>
    <subfield code="t">El genocidio de la familia Ruiz, 91</subfield>
    <subfield code="t">El d&#xED;a de mi suerte, 93</subfield>
    <subfield code="t">Traici&#xF3;n en el naranjo Chino, 95</subfield>
    <subfield code="t">En medio del combate, 99</subfield>
    <subfield code="t">El plan de la traici&#xF3;n, 104</subfield>
    <subfield code="t">&#xBF;C&#xF3;mo escaparon del cerco militar?, 110</subfield>
    <subfield code="t">El grito de Florita, 115</subfield>
    <subfield code="t">Salieron hacia Pozo Prieto, 117</subfield>
    <subfield code="t">Desaparece Pascual Minaya, 121</subfield>
    <subfield code="t">Aparece pascual, 125</subfield>
    <subfield code="t">Llegaron a Los Caraballo, 128</subfield>
    <subfield code="t">Pero los guardias no est&#xE1;n aqu&#xED;, 130</subfield>
    <subfield code="t">En el rancho de Mam&#xE1; Cleo, 132</subfield>
    <subfield code="t">La sorpresa del cabo rural, 137</subfield>
    <subfield code="t">El traidor de pescadobobo, 140</subfield>
    <subfield code="t">La traici&#xF3;n de Pescadobobo, 144</subfield>
    <subfield code="t">D&#xF3;nde est&#xE1; el francotirador?, 148</subfield>
    <subfield code="t">Entre Fidel y Trujillo. Bolo atrapado en su conuco, 150</subfield>
    <subfield code="t">Sancocho, 157</subfield>
    <subfield code="t">Se inmola el &#xFA;ltimo expedicionario, 160</subfield>
    <subfield code="t">Recogiendo limosnas, 163</subfield>
    <subfield code="t">No lo tumban, noo, 165</subfield>
  </datafield>
  <datafield tag="590" ind1=" " ind2=" ">
    <subfield code="a">Inventariado, 2021/ YL</subfield>
  </datafield>
  <datafield tag="700" ind1="1" ind2=" ">
    <subfield code="a">Brito Bloise, Giovanni,</subfield>
    <subfield code="e">prologo</subfield>
    <subfield code="9">74080</subfield>
  </datafield>
  <datafield tag="830" ind1=" " ind2=" ">
    <subfield code="a">Archivo General de la Naci&#xF3;n ;</subfield>
    <subfield code="n">227</subfield>
    <subfield code="9">73352</subfield>
  </datafield>
  <datafield tag="910" ind1=" " ind2=" ">
    <subfield code="a">YL/  Validado, 2021/MAA</subfield>
  </datafield>
  <datafield tag="942" ind1=" " ind2=" ">
    <subfield code="2">ddc</subfield>
    <subfield code="c">LBS1</subfield>
  </datafield>
  <datafield tag="952" ind1=" " ind2=" ">
    <subfield code="0">0</subfield>
    <subfield code="1">0</subfield>
    <subfield code="2">ddc</subfield>
    <subfield code="5">1</subfield>
    <subfield code="7">0</subfield>
    <subfield code="8">PD</subfield>
    <subfield code="a">BNPHU</subfield>
    <subfield code="b">BNPHU</subfield>
    <subfield code="c">HD</subfield>
    <subfield code="d">2019-10-28</subfield>
    <subfield code="e">Dep&#xF3;sito Legal </subfield>
    <subfield code="o">BNPHU PD 972.93053 J36u</subfield>
    <subfield code="p">2021-1127</subfield>
    <subfield code="r">2021-03-23</subfield>
    <subfield code="w">2021-03-23</subfield>
    <subfield code="y">LBS1</subfield>
  </datafield>
  <datafield tag="952" ind1=" " ind2=" ">
    <subfield code="0">0</subfield>
    <subfield code="1">0</subfield>
    <subfield code="2">ddc</subfield>
    <subfield code="5">1</subfield>
    <subfield code="7">0</subfield>
    <subfield code="8">PD</subfield>
    <subfield code="a">BNPHU</subfield>
    <subfield code="b">BNPHU</subfield>
    <subfield code="c">HD</subfield>
    <subfield code="d">2023-02-15</subfield>
    <subfield code="e">Donaci&#xF3;n</subfield>
    <subfield code="o">BNPHU PD 972.93053 J36u</subfield>
    <subfield code="p">2023-0948</subfield>
    <subfield code="r">2023-02-15</subfield>
    <subfield code="t">e.2</subfield>
    <subfield code="w">2023-02-15</subfield>
    <subfield code="y">LBS1</subfield>
  </datafield>
  <datafield tag="999" ind1=" " ind2=" ">
    <subfield code="c">49659</subfield>
    <subfield code="d">49659</subfield>
  </datafield>
</record>
